News of empire: Telegraphy, journalism and the politics of reporting in colonial India, c. 1830-1900 (Record no. 394605)

MARC details
000 -LEADER
fixed length control field 00663 a2200229 4500
005 - DATE & TIME
control field 20260209161550.0
008 - FIXED-LENGTH DATA ELEMENTS--GENERAL INFORMATION
fixed length control field 260209b |||||||| |||| 00| 0 eng d
020 ## - ISBN
International Standard Book Number 9780199467129
Price Rs. 995.00
040 ## - CATALOGING SOURCE
Original cataloging agency VIVEKANANDA LIBRARY
082 ## - DDC NUMBER
Classification number 070.903
Book Number B641N
100 ## - MAIN ENTRY--PERSONAL NAME
Personal name Bonea, Amelia
110 ## - MAIN ENTRY--CORPORATE NAME
Corporate name
245 ## - TITLE STATEMENT
Title News of empire: Telegraphy, journalism and the politics of reporting in colonial India, c. 1830-1900
250 ## - EDITION STATEMENT
Edition statement
260 ## - PUBLICATION, DISTRIBUTION, ETC. (IMPRINT)
Name of publisher, distributor, etc Oxford University Press
Date of publication, distribution, etc 2016
Place of publication, distribution, etc New Delhi
300 ## - PHYSICAL DESCRIPTION
Pages xvi, 376
650 ## - Subject
Subject News Media-Journalism
650 ## - Subject
Subject Historical Treatment
650 ## - Subject
Subject Press and Imperialism
650 ## - Subject
Subject Colonial Media
942 ## - ADDED ENTRY ELEMENTS (KOHA)
Koha item type Books
Holdings
Withdrawn status Lost status Source of classification or shelving scheme Damaged status Not for loan Location (home branch) Sublocation or collection (holding branch) Shelving location Date acquired Koha issues (times borrowed) Koha full call number Accession No. Koha date last seen Koha item type
    Dewey Decimal Classification     VIVEKANANDA LIBRARY VIVEKANANDA LIBRARY Vivekananda Library 22/01/2026   070.903 B641N 444398 22/01/2026 Books
© Designed and Maintained by Vivekananda Library, MDU Rohtak